Musical development and learning : (Record no. 5909)

MARC details
000 -LEADER
fixed length control field 00714cam a22002172 4500
001 - CONTROL NUMBER
control field 0000002554
005 - DATE AND TIME OF LATEST TRANSACTION
control field 20151217151857.0
008 - FIXED-LENGTH DATA ELEMENTS--GENERAL INFORMATION
fixed length control field 070413s xx 000 0 eng d
020 ## - INTERNATIONAL STANDARD BOOK NUMBER
International Standard Book Number 0826460429 :
Terms of availability KES 4,455
040 ## - CATALOGING SOURCE
Original cataloging agency KABU
Transcribing agency KABU
050 #0 - LIBRARY OF CONGRESS CALL NUMBER
Classification number ML3830
Item number .M87
245 10 - TITLE STATEMENT
Title Musical development and learning :
Remainder of title the international perspective /
Statement of responsibility, etc. edited by David J. Hargreaves and Adrian C. North.
260 ## - PUBLICATION, DISTRIBUTION, ETC. (IMPRINT)
Place of publication, distribution, etc. London :
Name of publisher, distributor, etc. Continuum,
Date of publication, distribution, etc. 2001.
300 ## - PHYSICAL DESCRIPTION
Extent xiv, 242 p.
650 #0 - SUBJECT ADDED ENTRY--TOPICAL TERM
Topical term or geographic name as entry element Music
General subdivision Psychological aspects.
-- 0000151949
700 1# - ADDED ENTRY--PERSONAL NAME
Personal name Hargreaves, David J.
-- 0000151950
700 1# - ADDED ENTRY--PERSONAL NAME
Personal name North, Adrian C.
-- 0000151951
908 ## - PUT COMMAND PARAMETER (RLIN)
Put command parameter 070413
950 ## - LOCAL HOLDINGS (RLIN)
-- 1
Holdings
Withdrawn status Lost status Source of classification or shelving scheme Not for loan Home library Current library Date acquired Total Checkouts Full call number Barcode Date last seen Price effective from Koha item type
    Library of Congress Classification   Kabarak, Main Campus Kabarak, Main Campus 17/12/2015   ML3830 .M87 007852 17/12/2015 17/12/2015 General Collection
Designed with assistance from East African Informatics Ltd